On precarious peaks / StacyPlays [Stacy Hinojosa] ... Read More
Available copies
- 3 of 3 copies available at LARL/NWRL Consortium. (Show)
- 1 of 1 copy available at Northwest Regional Library.
Current holds
0 current holds with 3 total copies.
Show Only Available Copies
| Location | Call Number / Copy Notes | Barcode | Shelving Location | Status | Due Date |
|---|---|---|---|---|---|
| Warroad Public Library | j HIN (Text) | 35500006831182 | Main | Available | - |
Record details
- ISBN: 9780063225053
- ISBN: 0063225050
- ISBN: 9780063225084
- ISBN: 0063225085
- Physical Description: 169 pages : illustrations ; 22 cm.
- Edition: First edition.
- Publisher: New York, NY : Harper, an imprint of HarperCollins Publishers, [2024]
- Copyright: ©2024
Content descriptions
| Summary, etc.: | Stacy and her pack of super-intelligent wolves are ... Read More |
| Target Audience Note: | Ages 8-12 HarperCollins |
Search for related items by subject
| Genre: | Action and adventure fiction. Animal fiction. |
Search for related items by series
| LDR | 03144cam a2200673 i 4500 | ||
|---|---|---|---|
| 001 | 446062 | ||
| 003 | LARL_NWRL_CONSORTIUM | ||
| 005 | 20241205151414.0 | ||
| 008 | 231018t20242024nyua b 000 f eng d | ||
| 010 | . | ‡a 2023948437 | |
| 040 | . | ‡aYDX ‡beng ‡erda ‡cYDX ‡dOCLCO ‡dBDX ‡dOCO ‡dOCLCO ‡dTOH ‡dJQW ‡dOCLCO ‡dILC ‡dOCLCO ‡dJTH ‡dVP@ ‡dNYP ‡dIG# | |
| 019 | . | ‡a1404053087 | |
| 020 | . | ‡a9780063225053 ‡q(hardcover) | |
| 020 | . | ‡a0063225050 ‡q(hardcover) | |
| 020 | . | ‡a9780063225084 ‡q(paperback) | |
| 020 | . | ‡a0063225085 ‡q(paperback) | |
| 035 | . | ‡a(OCoLC)1404053233 ‡z(OCoLC)1404053087 | |
| 082 | 0 | 4. | ‡a[Fic] ‡223 |
| 100 | 1 | . | ‡aHinojosa, Stacy, ‡d1983- ‡eauthor. ‡1https://id.oclc.org/worldcat/entity/E39PCjyrg9X6kd4Qbx3bQ4QXh3 |
| 245 | 1 | 0. | ‡aOn precarious peaks / ‡cStacyPlays [Stacy Hinojosa] ; illustrated by Mélody Gringoire. |
| 246 | 3 | . | ‡aRescue tails : ‡bon precarious peaks |
| 250 | . | ‡aFirst edition. | |
| 264 | 1. | ‡aNew York, NY : ‡bHarper, an imprint of HarperCollins Publishers, ‡c[2024] | |
| 264 | 4. | ‡c©2024 | |
| 300 | . | ‡a169 pages : ‡billustrations ; ‡c22 cm. | |
| 336 | . | ‡atext ‡btxt ‡2rdacontent | |
| 337 | . | ‡aunmediated ‡bn ‡2rdamedia | |
| 338 | . | ‡avolume ‡bnc ‡2rdacarrier | |
| 490 | 0 | . | ‡aRescue tails ; ‡v2 |
| 520 | . | ‡aStacy and her pack of super-intelligent wolves are off on another rescue mission! When Milo the bat alerts the group about a stranded mountain goat family in the jagged peaks, Stacy and her wolf, Everest, must hurry to save them. They hike deep into the mountains and climb rocky terrain, but the higher they go, the more scared Stacy becomes. Will Stacy be able to conquer her fear of heights to reunite the mountain goat family? Or will she freeze under the pressure? | |
| 521 | . | ‡aAges 8-12 ‡bHarperCollins | |
| 650 | 0. | ‡aHuman-animal relationships ‡vJuvenile fiction. ‡0(LARL_NWRL_CONSORTIUM)169688 | |
| 650 | 0. | ‡aWolves ‡vJuvenile fiction. | |
| 650 | 0. | ‡aGoats ‡vJuvenile fiction. | |
| 650 | 0. | ‡aAnimal rescue ‡vJuvenile fiction. | |
| 650 | 1. | ‡aWolves ‡vFiction. | |
| 650 | 1. | ‡aMountain goats ‡vFiction. | |
| 650 | 1. | ‡aAntelope family (Mammals) ‡vFiction. | |
| 650 | 1. | ‡aWildlife rescue ‡vFiction. ‡0(LARL_NWRL_CONSORTIUM)167941 | |
| 650 | 1. | ‡aHuman-animal relationships ‡vFiction. ‡0(LARL_NWRL_CONSORTIUM)165684 | |
| 650 | 1. | ‡aMountains ‡vFiction. | |
| 650 | 1. | ‡aPhobias ‡vFiction. | |
| 655 | 7. | ‡aAction and adventure fiction. ‡2lcgft | |
| 655 | 7. | ‡aAnimal fiction. ‡2lcgft | |
| 700 | 1 | . | ‡aGringoire, Mélody, ‡eillustrator. |
| 901 | . | ‡a446062 ‡bOCoLC ‡c446062 ‡tbiblio ‡soclc | |

Add to basket
Permalink
Disable Highlighting